Chaand ka munh terha hai : (Record no. 727071)

MARC details
000 -LEADER
fixed length control field 00637nam a2200229Ia 4500
003 - CONTROL NUMBER IDENTIFIER
control field OSt
005 - DATE AND TIME OF LATEST TRANSACTION
control field 20240913134003.0
008 - FIXED-LENGTH DATA ELEMENTS--GENERAL INFORMATION
fixed length control field 220927b |||||||| |||| 00| 0 eng d
020 ## - INTERNATIONAL STANDARD BOOK NUMBER
International Standard Book Number 8126306262
037 ## - SOURCE OF ACQUISITION
Terms of availability Textual
040 ## - CATALOGING SOURCE
Original cataloging agency SDCL
Transcribing agency SDCL
Language of cataloging eng
041 ## - LANGUAGE CODE
Source of code hin
Language code of text/sound track or separate title hin
100 ## - MAIN ENTRY--PERSONAL NAME
Personal name Muktibodh Gajanan Madhav
9 (RLIN) 393017
245 #0 - TITLE STATEMENT
Title Chaand ka munh terha hai :
250 ## - EDITION STATEMENT
Edition statement 14th
260 ## - PUBLICATION, DISTRIBUTION, ETC.
Place of publication, distribution, etc. New Delhi :
Name of publisher, distributor, etc. Delh Bhartiya Jnanpith,
Date of publication, distribution, etc. 2001.
300 ## - PHYSICAL DESCRIPTION
Extent 295p.
Dimensions cm.
942 ## - ADDED ENTRY ELEMENTS (KOHA)
Classification part O152,1N17x P1
Koha item type Textual
Source of classification or shelving scheme Colon Classification (CC)
Holdings
Withdrawn status Lost status Source of classification or shelving scheme Damaged status Not for loan Home library Current library Date acquired Total Checkouts Full call number Barcode Date last seen Date last checked out Price effective from Koha item type
    Colon Classification (CC)     South Campus Library South Campus Library 2022-09-28 6 O152,1N17x P1 SC1107684 2026-02-06 2026-01-12 2022-09-28 Textual
Copyright @ Delhi University Library System